[Event "BCF-chT4S 2324 (4NCL)"]
[Site "England"]
[Date "2024.02.10"]
[Round "5.36"]
[White "Thomas, Jacob"]
[Black "Rigby, Charles"]
[Result "1-0"]
[WhiteElo "1497"]
[BlackElo "1529"]
[PlyCount "89"]
[EventDate "2024.02.11"]
[EventType "team-swiss"]
[EventRounds "11"]
[EventCountry "ENG"]
[SourceTitle "EXT 2025"]
[Source "ChessBase"]
[SourceDate "2024.10.14"]
[SourceVersion "1"]
[SourceVersionDate "2024.10.14"]
[SourceQuality "1"]
[WhiteTeam "War and Piece"]
[BlackTeam "Celtic Tigers III"]
[WhiteTeamCountry "ENG"]
[BlackTeamCountry "ENG"]

1. e4 c6 2. d4 d5 3. e5 Bf5 4. h4 h5 5. Bd3 Bxd3 6. Qxd3 e6 7. Nf3 Ne7 8. Be3 Nd7 9. Nbd2 Qc7 10. 0-0 Nf5 11. c3 Be7 12. g3 c5 13. a3 c4 14. Qe2 b5 15. Rfc1 Nb6 16. Ng5 a5 17. b4 axb4 18. axb4 0-0 19. Qxh5 Bxg5 20. hxg5 g6 21. Qh3 Rxa1 22. Rxa1 Na4 23. Kg2 Rd8 24. Rh1 Kf8 25. Qh8+ Ke7 26. Qf6+ Kd7 27. Qxf7+ Ne7 28. Rh7 Re8 29. Nb1 Kd8 30. Qxe6 Qd7 31. Qf6 Qf5 32. Qd6+ Kc8 33. Nd2 Nxc3 34. Rxe7 Rxe7 35. Qxe7 Ne4 36. Nxe4 Qxe4+ 37. Kh2 Qf5 38. Qc5+ Kd8 39. Qxd5+ Qd7 40. Qxd7+ Kxd7 41. Kg2 Ke6 42. Kf3 Kd5 43. Kf4 c3 44. e6 Kxe6 45. Ke4 1-0